[Event "European Women's Championship"]
[Site "Vysoke Tatry"]
[Date "2018.04.16"]
[Round "8"]
[White "Batyte, Daiva"]
[Black "Trippold, Denise"]
[Result "1-0"]
[Board "62"]
[WhiteElo "2165"]
[WhiteTitle "WFM"]
[WhiteCountry "LTU"]
[WhiteFideId "12801860"]
[WhiteEloChange "7"]
[BlackElo "2067"]
[BlackTitle "WFM"]
[BlackCountry "AUT"]
[BlackFideId "1625594"]
[BlackEloChange "-7"]

1. Nf3 {[%clk 1:30:56]} c5 {[%clk 1:30:54]} 2. g3 {[%clk 1:31:11]} d5 {[%clk
1:31:14]} 3. Bg2 {[%clk 1:30:50]} Nf6 {[%clk 1:30:15]} 4. d3 {[%clk 1:29:58]} Nc6
{[%clk 1:28:22]} 5. Nbd2 {[%clk 1:26:22]} e6 {[%clk 1:28:03]} 6. O-O {[%clk
1:22:32]} Be7 {[%clk 1:27:02]} 7. e4 {[%clk 1:16:35]} O-O {[%clk 1:24:28]} 8. Re1
{[%clk 1:05:47]} Qc7 {[%clk 1:16:22]} 9. e5 {[%clk 0:52:56]} Nd7 {[%clk 1:16:07]}
10. Qe2 {[%clk 0:48:43]} b5 {[%clk 1:14:46]} 11. a4 {[%clk 0:40:21]} b4 {[%clk
1:11:47]} 12. c4 {[%clk 0:37:55]} bxc3 {[%clk 1:07:25]} 13. bxc3 {[%clk 0:38:17]}
Ba6 {[%clk 0:56:13]} 14. Ba3 {[%clk 0:33:54]} Qa5 {[%clk 0:53:59]} 15. c4 {[%clk
0:27:15]} d4 {[%clk 0:24:06]} 16. Nb3 {[%clk 0:23:31]} Qc7 {[%clk 0:23:47]} 17.
Nfd2 {[%clk 0:20:11]} Rfe8 {[%clk 0:15:38]} 18. f4 {[%clk 0:19:48]} Rab8 {[%clk
0:15:53]} 19. Rab1 {[%clk 0:18:24]} Na5 {[%clk 0:14:42]} 20. Nxa5 {[%clk
0:18:17]} Qxa5 {[%clk 0:15:10]} 21. Bc6 {[%clk 0:18:19]} Qc7 {[%clk 0:15:14]} 22.
Be4 {[%clk 0:14:22]} Bb7 {[%clk 0:11:59]} 23. Bxb7 {[%clk 0:09:02]} Rxb7 {[%clk
0:12:28]} 24. Rxb7 {[%clk 0:09:12]} Qxb7 {[%clk 0:12:57]} 25. Rb1 {[%clk
0:09:16]} Qc7 {[%clk 0:11:23]} 26. Qd1 {[%clk 0:07:22]} Rb8 {[%clk 0:09:08]} 27.
Rxb8+ {[%clk 0:06:46]} Qxb8 {[%clk 0:09:28]} 28. Qb3 {[%clk 0:06:51]} Qc7 {[%clk
0:06:33]} 29. Qb5 {[%clk 0:06:28]} g5 {[%clk 0:04:01]} 30. Ne4 {[%clk 0:04:30]}
gxf4 {[%clk 0:04:29]} 31. gxf4 {[%clk 0:04:46]} Kg7 {[%clk 0:03:09]} 32. Bc1
{[%clk 0:03:32]} Bf8 {[%clk 0:02:28]} 33. Qb2 {[%clk 0:03:28]} Qa5 {[%clk
0:02:09]} 34. Qg2+ {[%clk 0:02:58]} Kh8 {[%clk 0:02:38]} 35. Qc2 {[%clk 0:01:25]}
Nb6 {[%clk 0:01:07]} 36. Ng5 {[%clk 0:01:05]} Qe1+ {[%clk 0:01:14]} 37. Kg2
{[%clk 0:01:20]} Kg7 {[%clk 0:01:35]} 38. Nf3 {[%clk 0:01:19]} Qb4 {[%clk
0:01:37]} 39. Qf2 {[%clk 0:01:30]} Be7 {[%clk 0:01:15]} 40. Qg3+ {[%clk 0:31:27]}
Kh8 {[%clk 0:30:43]} 41. f5 {[%clk 0:29:47]} Nxc4 {[%clk 0:10:09]} 42. dxc4
{[%clk 0:29:21]} Bf8 {[%clk 0:07:41]} 43. Bg5 {[%clk 0:23:15]} Bg7 {[%clk
0:06:45]} 44. Bf6 {[%clk 0:22:56]} Qb2+ {[%clk 0:06:44]} 45. Kh3 {[%clk 0:22:52]}
1-0

[Event "European Women's Championship"]
[Site "Vysoke Tatry"]
[Date "2018.04.16"]
[Round "8"]
[White "Pavlidou, Ekaterini"]
[Black "Koubova, Anna Marie"]
[Result "1-0"]
[Board "63"]
[WhiteElo "2164"]
[WhiteTitle "WIM"]
[WhiteCountry "GRE"]
[WhiteFideId "4213262"]
[WhiteEloChange "2"]
[BlackElo "1819"]
[BlackCountry "CZE"]
[BlackFideId "381470"]
[BlackEloChange "-2"]

1. c4 {[%clk 1:30:37]} c5 {[%clk 1:30:50]} 2. Nc3 {[%clk 1:30:54]} Nf6 {[%clk
1:30:55]} 3. g3 {[%clk 1:31:11]} g6 {[%clk 1:31:08]} 4. Bg2 {[%clk 1:31:31]} Bg7
{[%clk 1:31:30]} 5. a3 {[%clk 1:30:10]} Nc6 {[%clk 1:26:10]} 6. Rb1 {[%clk
1:30:03]} O-O {[%clk 1:19:14]} 7. b4 {[%clk 1:29:33]} cxb4 {[%clk 1:19:17]} 8.
axb4 {[%clk 1:29:52]} e6 {[%clk 1:19:13]} 9. b5 {[%clk 1:18:35]} Na5 {[%clk
1:13:08]} 10. Ba3 {[%clk 1:10:26]} Nxc4 {[%clk 1:12:45]} 11. Bxf8 {[%clk
1:10:43]} Qxf8 {[%clk 1:12:58]} 12. Qb3 {[%clk 1:07:20]} d5 {[%clk 1:09:02]} 13.
d3 {[%clk 1:04:27]} Nb6 {[%clk 1:07:24]} 14. e3 {[%clk 1:02:51]} a5 {[%clk
1:00:08]} 15. bxa6 {[%clk 0:57:55]} Rxa6 {[%clk 1:00:33]} 16. Nge2 {[%clk
0:56:45]} Nfd7 {[%clk 0:59:16]} 17. Nb5 {[%clk 0:53:50]} Nc5 {[%clk 0:57:18]} 18.
Qc2 {[%clk 0:53:48]} Bd7 {[%clk 0:51:09]} 19. O-O {[%clk 0:52:19]} Ra5 {[%clk
0:49:50]} 20. Nec3 {[%clk 0:37:16]} Nba4 {[%clk 0:34:07]} 21. Nxa4 {[%clk
0:36:30]} Rxa4 {[%clk 0:33:45]} 22. Rfc1 {[%clk 0:29:09]} b6 {[%clk 0:33:11]} 23.
Bf1 {[%clk 0:27:10]} Ra8 {[%clk 0:21:07]} 24. d4 {[%clk 0:23:19]} Na6 {[%clk
0:20:38]} 25. Qb3 {[%clk 0:22:25]} h5 {[%clk 0:19:19]} 26. Nc7 {[%clk 0:19:14]}
Nxc7 {[%clk 0:19:41]} 27. Rxc7 {[%clk 0:19:38]} Qd8 {[%clk 0:16:01]} 28. Qxb6
{[%clk 0:19:32]} Rc8 {[%clk 0:15:43]} 29. Rbc1 {[%clk 0:18:58]} Rxc7 {[%clk
0:15:34]} 30. Rxc7 {[%clk 0:18:34]} Be8 {[%clk 0:14:22]} 31. Qb7 {[%clk 0:18:14]}
1-0

[Event "European Women's Championship"]
[Site "Vysoke Tatry"]
[Date "2018.04.16"]
[Round "8"]
[White "Michna, Marta"]
[Black "Azimova, Karina"]
[Result "1-0"]
[Board "64"]
[WhiteElo "2367"]
[WhiteTitle "WGM"]
[WhiteCountry "GER"]
[WhiteFideId "1106686"]
[WhiteEloChange "3"]
[BlackElo "2069"]
[BlackTitle "WFM"]
[BlackCountry "RUS"]
[BlackFideId "4108310"]
[BlackEloChange "-3"]

1. d4 {[%clk 1:30:59]} d5 {[%clk 1:30:57]} 2. Nf3 {[%clk 1:31:11]} e6 {[%clk
1:31:17]} 3. Bf4 {[%clk 1:30:42]} Bd6 {[%clk 1:31:42]} 4. Bg3 {[%clk 1:30:35]}
Qe7 {[%clk 1:29:31]} 5. Nbd2 {[%clk 1:30:07]} Nd7 {[%clk 1:27:31]} 6. e3 {[%clk
1:26:11]} Bxg3 {[%clk 1:26:29]} 7. hxg3 {[%clk 1:26:36]} e5 {[%clk 1:25:45]} 8.
c4 {[%clk 1:21:37]} Ngf6 {[%clk 1:16:47]} 9. Rc1 {[%clk 1:19:28]} c6 {[%clk
1:14:13]} 10. a3 {[%clk 1:15:40]} h6 {[%clk 1:04:01]} 11. cxd5 {[%clk 1:11:10]}
Nxd5 {[%clk 1:03:59]} 12. Bd3 {[%clk 1:06:08]} exd4 {[%clk 0:52:34]} 13. Nxd4
{[%clk 1:05:38]} N7f6 {[%clk 0:52:30]} 14. Nc4 {[%clk 0:57:16]} Nb6 {[%clk
0:44:45]} 15. Na5 {[%clk 0:56:08]} O-O {[%clk 0:42:58]} 16. Qc2 {[%clk 0:52:16]}
Rd8 {[%clk 0:38:09]} 17. Naxc6 {[%clk 0:47:58]} bxc6 {[%clk 0:38:33]} 18. Nxc6
{[%clk 0:48:24]} Qf8 {[%clk 0:37:35]} 19. Nxd8 {[%clk 0:48:21]} Qxd8 {[%clk
0:38:03]} 20. Rh4 {[%clk 0:40:17]} Bb7 {[%clk 0:37:23]} 21. Rd4 {[%clk 0:39:14]}
Qe8 {[%clk 0:31:40]} 22. Kf1 {[%clk 0:37:59]} Nbd5 {[%clk 0:20:51]} 23. Qe2
{[%clk 0:29:24]} Qe5 {[%clk 0:19:25]} 24. Rd1 {[%clk 0:27:27]} g6 {[%clk
0:16:56]} 25. Bc4 {[%clk 0:21:53]} Re8 {[%clk 0:16:35]} 26. Kg1 {[%clk 0:18:28]}
Kg7 {[%clk 0:16:11]} 27. e4 {[%clk 0:16:13]} Nb6 {[%clk 0:15:50]} 28. f4 {[%clk
0:13:26]} Qh5 {[%clk 0:15:15]} 29. Qxh5 {[%clk 0:13:01]} Nxh5 {[%clk 0:15:44]}
30. Bb5 {[%clk 0:12:55]} Rxe4 {[%clk 0:15:42]} 31. Rxe4 {[%clk 0:12:12]} Bxe4
{[%clk 0:16:10]} 32. Rd4 {[%clk 0:11:02]} Bb7 {[%clk 0:15:08]} 33. g4 {[%clk
0:08:44]} Nf6 {[%clk 0:15:18]} 34. Be2 {[%clk 0:07:49]} Bc8 {[%clk 0:13:34]} 35.
a4 {[%clk 0:06:17]} a5 {[%clk 0:12:20]} 36. b4 {[%clk 0:06:04]} Nxa4 {[%clk
0:10:55]} 37. bxa5 {[%clk 0:05:54]} Nc5 {[%clk 0:10:24]} 38. g5 {[%clk 0:03:37]}
hxg5 {[%clk 0:10:11]} 39. fxg5 {[%clk 0:04:04]} Nfe4 {[%clk 0:07:18]} 40. a6
{[%clk 0:32:22]} Bxa6 {[%clk 0:35:42]} 41. Bxa6 {[%clk 0:32:39]} Nxg5 {[%clk
0:34:21]} 42. Bc4 {[%clk 0:32:36]} Nce6 {[%clk 0:32:21]} 43. Rd7 {[%clk 0:32:28]}
Kf6 {[%clk 0:32:36]} 44. Kh2 {[%clk 0:32:45]} Ne4 {[%clk 0:31:44]} 45. Ra7 {[%clk
0:32:49]} N4g5 {[%clk 0:29:41]} 46. Bxe6 {[%clk 0:33:02]} Nxe6 {[%clk 0:29:15]}
47. Kg3 {[%clk 0:33:27]} g5 {[%clk 0:29:09]} 48. Kf3 {[%clk 0:33:32]} Kg6 {[%clk
0:27:14]} 49. Ra6 {[%clk 0:33:37]} Kg7 {[%clk 0:26:21]} 50. Rb6 {[%clk 0:31:45]}
Kg6 {[%clk 0:25:23]} 51. g4 {[%clk 0:31:08]} Kg7 {[%clk 0:23:11]} 52. Ke4 {[%clk
0:31:18]} Nf8 {[%clk 0:22:13]} 53. Kf5 {[%clk 0:31:37]} Ne6 {[%clk 0:20:31]} 54.
Rb8 {[%clk 0:31:26]} Nc5 {[%clk 0:19:56]} 55. Kxg5 {[%clk 0:31:29]} Ne6+ {[%clk
0:20:24]} 56. Kf5 {[%clk 0:31:17]} Nd4+ {[%clk 0:20:49]} 57. Kg5 {[%clk 0:29:24]}
Ne6+ {[%clk 0:21:15]} 58. Kh4 {[%clk 0:27:05]} Nf4 {[%clk 0:20:58]} 59. Kg3
{[%clk 0:27:11]} Ne6 {[%clk 0:21:16]} 60. Kf3 {[%clk 0:27:36]} Ng5+ {[%clk
0:21:17]} 61. Kf4 {[%clk 0:28:02]} Ne6+ {[%clk 0:19:01]} 62. Ke5 {[%clk 0:28:25]}
Ng5 {[%clk 0:18:22]} 63. Rb5 {[%clk 0:26:48]} Ne6 {[%clk 0:17:36]} 64. Kd6 {[%clk
0:27:10]} Kf6 {[%clk 0:17:13]} 65. Rf5+ {[%clk 0:27:22]} Kg6 {[%clk 0:17:41]} 66.
Ke7 {[%clk 0:27:20]} Ng5 {[%clk 0:17:43]} 67. Rf1 {[%clk 0:21:54]} Kg7 {[%clk
0:17:55]} 68. Rf6 {[%clk 0:22:07]} Nh3 {[%clk 0:12:41]} 69. Rxf7+ {[%clk
0:22:31]} Kg6 {[%clk 0:13:10]} 70. Rf5 {[%clk 0:22:53]} Ng5 {[%clk 0:13:27]} 71.
Kd6 {[%clk 0:21:17]} Nf7+ {[%clk 0:13:39]} 72. Ke7 {[%clk 0:15:10]} Ng5 {[%clk
0:13:44]} 73. Rf6+ {[%clk 0:15:30]} Kg7 {[%clk 0:14:10]} 74. Ra6 {[%clk 0:15:12]}
Nf3 {[%clk 0:14:16]} 75. Ke6 {[%clk 0:12:08]} Kg6 {[%clk 0:14:29]} 76. Ra8 {[%clk
0:12:34]} Kg5 {[%clk 0:13:53]} 77. Rg8+ {[%clk 0:12:55]} Kf4 {[%clk 0:14:21]} 78.
Kf6 {[%clk 0:13:04]} Nd2 {[%clk 0:14:50]} 79. Rg6 {[%clk 0:11:36]} Ne4+ {[%clk
0:14:59]} 80. Kg7 {[%clk 0:11:59]} Ng5 {[%clk 0:13:46]} 81. Kh6 {[%clk 0:12:14]}
Nf7+ {[%clk 0:14:00]} 82. Kh5 {[%clk 0:12:39]} Ne5 {[%clk 0:14:06]} 83. Rf6+
{[%clk 0:13:03]} Ke4 {[%clk 0:14:32]} 84. Re6 {[%clk 0:12:48]} 1-0

[Event "European Women's Championship"]
[Site "Vysoke Tatry"]
[Date "2018.04.16"]
[Round "8"]
[White "Slaba, Andrea"]
[Black "Huda, Maryana"]
[Result "1-0"]
[Board "65"]
[WhiteElo "1924"]
[WhiteCountry "SVK"]
[WhiteFideId "14940680"]
[WhiteEloChange "16"]
[BlackElo "2161"]
[BlackTitle "WGM"]
[BlackCountry "UKR"]
[BlackFideId "14116553"]
[BlackEloChange "-16"]

1. d4 {[%clk 1:30:58]} Nf6 {[%clk 1:30:57]} 2. Nf3 {[%clk 1:31:18]} e6 {[%clk
1:31:20]} 3. c4 {[%clk 1:31:36]} b6 {[%clk 1:31:39]} 4. g3 {[%clk 1:31:50]} Bb7
{[%clk 1:32:02]} 5. Bg2 {[%clk 1:32:14]} Bb4+ {[%clk 1:29:42]} 6. Bd2 {[%clk
1:31:26]} Qe7 {[%clk 1:29:54]} 7. a3 {[%clk 1:30:49]} Bxd2+ {[%clk 1:30:13]} 8.
Nbxd2 {[%clk 1:31:08]} O-O {[%clk 1:29:13]} 9. O-O {[%clk 1:29:37]} d6 {[%clk
1:28:18]} 10. Qc2 {[%clk 1:23:03]} c5 {[%clk 1:25:39]} 11. dxc5 {[%clk 1:21:41]}
bxc5 {[%clk 1:13:48]} 12. e3 {[%clk 1:15:18]} Nbd7 {[%clk 1:10:41]} 13. Nh4
{[%clk 1:08:29]} Rab8 {[%clk 1:03:50]} 14. Rab1 {[%clk 1:06:36]} Nb6 {[%clk
0:59:24]} 15. Bxb7 {[%clk 0:58:53]} Rxb7 {[%clk 0:58:13]} 16. Ng2 {[%clk
0:49:51]} Rc8 {[%clk 0:52:34]} 17. Nf4 {[%clk 0:45:08]} e5 {[%clk 0:50:16]} 18.
Ne2 {[%clk 0:43:46]} Qe6 {[%clk 0:49:43]} 19. Rfc1 {[%clk 0:39:58]} g6 {[%clk
0:40:36]} 20. Ne4 {[%clk 0:37:22]} Ne8 {[%clk 0:39:50]} 21. b3 {[%clk 0:35:42]}
f5 {[%clk 0:38:21]} 22. N4c3 {[%clk 0:35:59]} g5 {[%clk 0:35:30]} 23. Re1 {[%clk
0:31:20]} h5 {[%clk 0:33:18]} 24. f4 {[%clk 0:29:24]} gxf4 {[%clk 0:33:02]} 25.
gxf4 {[%clk 0:29:17]} Rg7+ {[%clk 0:32:32]} 26. Kh1 {[%clk 0:27:21]} Nf6 {[%clk
0:28:34]} 27. Ng3 {[%clk 0:26:46]} e4 {[%clk 0:25:37]} 28. Qe2 {[%clk 0:24:54]}
h4 {[%clk 0:23:24]} 29. Nh5 {[%clk 0:24:26]} Rg4 {[%clk 0:20:46]} 30. Nxf6+
{[%clk 0:24:20]} Qxf6 {[%clk 0:21:11]} 31. Nxe4 {[%clk 0:23:10]} Qe7 {[%clk
0:18:45]} 32. Ng5 {[%clk 0:23:00]} Re8 {[%clk 0:11:02]} 33. Qf3 {[%clk 0:21:46]}
d5 {[%clk 0:08:13]} 34. cxd5 {[%clk 0:19:30]} c4 {[%clk 0:08:31]} 35. bxc4 {[%clk
0:13:47]} Nxc4 {[%clk 0:08:48]} 36. d6 {[%clk 0:10:46]} Qxd6 {[%clk 0:05:41]} 37.
Rbd1 {[%clk 0:10:30]} Nd2 {[%clk 0:01:52]} 38. Qb7 {[%clk 0:08:37]} Rxg5 {[%clk
0:01:50]} 39. fxg5 {[%clk 0:08:53]} Rb8 {[%clk 0:01:04]} 40. Rxd2 {[%clk
0:36:51]} Qxd2 {[%clk 0:30:41]} 41. Qxb8+ {[%clk 0:37:16]} Kh7 {[%clk 0:30:49]}
42. g6+ {[%clk 0:35:17]} Kg7 {[%clk 0:30:05]} 43. Qe5+ {[%clk 0:34:47]} Kf8
{[%clk 0:28:51]} 44. Qxf5+ {[%clk 0:34:03]} Ke7 {[%clk 0:28:38]} 45. Qe5+ {[%clk
0:34:12]} 1-0

[Event "European Women's Championship"]
[Site "Vysoke Tatry"]
[Date "2018.04.16"]
[Round "8"]
[White "Leite Oralova, Catarina"]
[Black "Milcova, Zuzana"]
[Result "1/2-1/2"]
[Board "66"]
[WhiteElo "2134"]
[WhiteTitle "WIM"]
[WhiteCountry "POR"]
[WhiteFideId "1901222"]
[WhiteEloChange "-3"]
[BlackElo "2033"]
[BlackCountry "SVK"]
[BlackFideId "14920026"]
[BlackEloChange "3"]

1. e4 {[%clk 1:30:57]} c6 {[%clk 1:30:55]} 2. d4 {[%clk 1:27:41]} d5 {[%clk
1:31:20]} 3. exd5 {[%clk 1:26:31]} cxd5 {[%clk 1:31:44]} 4. Bd3 {[%clk 1:26:56]}
Nc6 {[%clk 1:31:55]} 5. c3 {[%clk 1:27:14]} Nf6 {[%clk 1:31:16]} 6. h3 {[%clk
1:23:25]} g6 {[%clk 1:26:38]} 7. Nf3 {[%clk 1:18:21]} Bg7 {[%clk 1:25:47]} 8. O-O
{[%clk 1:15:37]} O-O {[%clk 1:26:05]} 9. Re1 {[%clk 1:12:41]} Bf5 {[%clk
1:16:56]} 10. Bxf5 {[%clk 1:05:14]} gxf5 {[%clk 1:17:24]} 11. Nbd2 {[%clk
0:57:00]} e6 {[%clk 1:05:10]} 12. Nf1 {[%clk 0:51:51]} Ne4 {[%clk 1:00:52]} 13.
Ng3 {[%clk 0:45:14]} Nxg3 {[%clk 0:59:51]} 14. fxg3 {[%clk 0:45:42]} Rc8 {[%clk
0:59:13]} 15. Kh1 {[%clk 0:38:39]} Na5 {[%clk 0:42:29]} 16. Qd3 {[%clk 0:29:02]}
Nc4 {[%clk 0:32:18]} 17. g4 {[%clk 0:26:00]} Nd6 {[%clk 0:31:32]} 18. gxf5 {[%clk
0:26:22]} Nxf5 {[%clk 0:31:24]} 19. Bf4 {[%clk 0:22:07]} Qf6 {[%clk 0:24:53]} 20.
g4 {[%clk 0:14:23]} Nh4 {[%clk 0:22:16]} 21. Ng5 {[%clk 0:14:25]} Ng6 {[%clk
0:21:30]} 22. Rf1 {[%clk 0:12:18]} Qe7 {[%clk 0:17:55]} 23. Bd2 {[%clk 0:09:48]}
Rc6 {[%clk 0:13:58]} 24. Rae1 {[%clk 0:09:29]} f6 {[%clk 0:12:12]} 25. Nf3 {[%clk
0:09:48]} Qc7 {[%clk 0:11:29]} 26. Kg2 {[%clk 0:07:56]} Rb6 {[%clk 0:10:33]} 27.
Bc1 {[%clk 0:07:22]} Rxb2+ {[%clk 0:09:02]} 28. Rf2 {[%clk 0:04:00]} Rxf2+ {[%clk
0:08:40]} 29. Kxf2 {[%clk 0:04:28]} Re8 {[%clk 0:07:50]} 30. Bd2 {[%clk 0:04:01]}
a6 {[%clk 0:06:59]} 31. Rb1 {[%clk 0:02:25]} Re7 {[%clk 0:06:48]} 32. a4 {[%clk
0:02:42]} Nf4 {[%clk 0:05:10]} 33. Bxf4 {[%clk 0:02:59]} Qxf4 {[%clk 0:05:38]}
34. Rb6 {[%clk 0:01:19]} Bh6 {[%clk 0:05:44]} 35. Rb1 {[%clk 0:00:51]} Bg5 {[%clk
0:06:00]} 36. Kg2 {[%clk 0:01:09]} Qe3 {[%clk 0:03:32]} 37. Qxe3 {[%clk 0:00:44]}
Bxe3 {[%clk 0:04:00]} 38. Kf1 {[%clk 0:00:41]} Bf4 {[%clk 0:04:01]} 39. Ke2
{[%clk 0:00:36]} Kf7 {[%clk 0:03:14]} 40. Rb3 {[%clk 0:30:35]} Kg6 {[%clk
0:32:09]} 41. Nh4+ {[%clk 0:18:18]} Kf7 {[%clk 0:32:06]} 42. Nf3 {[%clk 0:16:35]}
Ke8 {[%clk 0:32:07]} 43. Ne1 {[%clk 0:13:43]} Kd8 {[%clk 0:23:00]} 44. Nd3 {[%clk
0:12:24]} Bb8 {[%clk 0:22:42]} 45. Nc5 {[%clk 0:12:16]} Kc8 {[%clk 0:22:43]} 46.
Kd3 {[%clk 0:07:40]} Ba7 {[%clk 0:17:18]} 47. Rb1 {[%clk 0:07:16]} e5 {[%clk
0:11:56]} 48. Rf1 {[%clk 0:06:06]} e4+ {[%clk 0:04:33]} 49. Ke3 {[%clk 0:06:35]}
Bxc5 {[%clk 0:01:11]} 50. dxc5 {[%clk 0:07:05]} Rc7 {[%clk 0:01:16]} 51. Kd4
{[%clk 0:04:34]} Re7 {[%clk 0:01:14]} 52. Ke3 {[%clk 0:04:04]} Rc7 {[%clk
0:01:15]} 53. Kd4 {[%clk 0:01:02]} Re7 {[%clk 0:01:42]} 54. Ke3 {[%clk 0:00:50]}
Rc7 {[%clk 0:01:35]} 1/2-1/2

[Event "European Women's Championship"]
[Site "Vysoke Tatry"]
[Date "2018.04.16"]
[Round "8"]
[White "Palma, Maria"]
[Black "Kaliadzich, Maryia"]
[Result "1/2-1/2"]
[Board "67"]
[WhiteElo "2060"]
[WhiteTitle "WFM"]
[WhiteCountry "ITA"]
[WhiteFideId "898481"]
[WhiteEloChange "1"]
[BlackElo "2078"]
[BlackCountry "BLR"]
[BlackFideId "13500015"]
[BlackEloChange "-1"]

1. c4 {[%clk 1:30:52]} c6 {[%clk 1:30:53]} 2. e4 {[%clk 1:31:14]} d5 {[%clk
1:31:20]} 3. exd5 {[%clk 1:31:36]} cxd5 {[%clk 1:31:46]} 4. d4 {[%clk 1:31:56]}
Nf6 {[%clk 1:32:11]} 5. Nc3 {[%clk 1:32:14]} g6 {[%clk 1:32:35]} 6. Qb3 {[%clk
1:31:41]} Bg7 {[%clk 1:32:57]} 7. cxd5 {[%clk 1:31:55]} O-O {[%clk 1:33:20]} 8.
Be2 {[%clk 1:31:57]} Na6 {[%clk 1:33:38]} 9. Bf3 {[%clk 1:31:45]} Qb6 {[%clk
1:33:05]} 10. Qxb6 {[%clk 1:31:33]} axb6 {[%clk 1:33:28]} 11. Nge2 {[%clk
1:31:15]} Nb4 {[%clk 1:28:36]} 12. O-O {[%clk 1:30:23]} Rd8 {[%clk 1:27:21]} 13.
d6 {[%clk 1:30:09]} Rxd6 {[%clk 1:25:05]} 14. Bf4 {[%clk 1:30:02]} Rd7 {[%clk
1:23:46]} 15. Be5 {[%clk 1:27:57]} Nbd5 {[%clk 1:10:04]} 16. a3 {[%clk 1:21:14]}
Bh6 {[%clk 1:00:10]} 17. Rad1 {[%clk 1:08:36]} Rd8 {[%clk 0:34:21]} 18. Nxd5
{[%clk 0:55:57]} Nxd5 {[%clk 0:34:44]} 19. Bxd5 {[%clk 0:56:07]} Rxd5 {[%clk
0:35:10]} 20. Nc3 {[%clk 0:56:14]} Rd7 {[%clk 0:32:17]} 21. d5 {[%clk 0:55:22]}
f6 {[%clk 0:21:25]} 22. Bd4 {[%clk 0:43:31]} Ra6 {[%clk 0:20:05]} 23. Rfe1 {[%clk
0:42:08]} Kf7 {[%clk 0:19:58]} 24. f3 {[%clk 0:36:11]} Rd8 {[%clk 0:10:13]} 25.
Bf2 {[%clk 0:27:43]} Bf5 {[%clk 0:09:22]} 26. Re2 {[%clk 0:27:25]} Bf4 {[%clk
0:07:25]} 27. Nb5 {[%clk 0:23:37]} h5 {[%clk 0:06:05]} 28. h3 {[%clk 0:18:24]} g5
{[%clk 0:05:53]} 29. g4 {[%clk 0:16:51]} hxg4 {[%clk 0:06:19]} 30. fxg4 {[%clk
0:14:43]} Bg6 {[%clk 0:05:28]} 31. Nc3 {[%clk 0:09:13]} Rd7 {[%clk 0:05:16]} 32.
Re6 {[%clk 0:07:45]} Bc2 {[%clk 0:02:26]} 33. Rde1 {[%clk 0:07:02]} Be5 {[%clk
0:02:47]} 34. Na2 {[%clk 0:01:17]} Rxd5 {[%clk 0:01:51]} 35. R6xe5 {[%clk
0:00:54]} Rxe5 {[%clk 0:02:00]} 36. Rxe5 {[%clk 0:01:02]} fxe5 {[%clk 0:02:20]}
37. Nb4 {[%clk 0:01:27]} Ra8 {[%clk 0:01:24]} 38. Nxc2 {[%clk 0:01:52]} Rc8
{[%clk 0:01:40]} 39. Nb4 {[%clk 0:01:28]} Rc1+ {[%clk 0:01:42]} 40. Kg2 {[%clk
0:31:41]} Rb1 {[%clk 0:31:52]} 41. Bxb6 {[%clk 0:23:09]} Rxb2+ {[%clk 0:31:55]}
42. Kf3 {[%clk 0:23:05]} Rb3+ {[%clk 0:30:27]} 43. Be3 {[%clk 0:20:07]} Rxa3
{[%clk 0:29:52]} 44. Ke4 {[%clk 0:20:03]} Ra4 {[%clk 0:23:15]} 45. Bd2 {[%clk
0:20:14]} Ke6 {[%clk 0:23:39]} 46. Be1 {[%clk 0:18:10]} Ra8 {[%clk 0:13:16]} 47.
h4 {[%clk 0:15:54]} gxh4 {[%clk 0:12:32]} 48. Bxh4 {[%clk 0:16:15]} Rc8 {[%clk
0:12:27]} 49. Be1 {[%clk 0:15:41]} Rc4+ {[%clk 0:12:21]} 50. Kf3 {[%clk 0:15:57]}
Rf4+ {[%clk 0:09:25]} 51. Kg3 {[%clk 0:16:12]} Re4 {[%clk 0:09:44]} 52. Bd2
{[%clk 0:15:54]} Re2 {[%clk 0:09:19]} 53. Bc1 {[%clk 0:15:31]} e4 {[%clk
0:08:08]} 54. Kf4 {[%clk 0:15:09]} Kd6 {[%clk 0:08:01]} 55. g5 {[%clk 0:13:33]}
Kc5 {[%clk 0:03:33]} 56. Ba3 {[%clk 0:12:57]} Kc4 {[%clk 0:03:50]} 57. g6 {[%clk
0:11:30]} Rg2 {[%clk 0:02:45]} 58. Kxe4 {[%clk 0:09:27]} Kb3 {[%clk 0:01:05]} 59.
Kf5 {[%clk 0:08:06]} Kxa3 {[%clk 0:01:14]} 60. Nd3 {[%clk 0:07:21]} b5 {[%clk
0:01:30]} 61. Nf4 {[%clk 0:07:14]} Rg1 {[%clk 0:01:43]} 62. Ne2 {[%clk 0:07:15]}
Rf1+ {[%clk 0:01:56]} 63. Nf4 {[%clk 0:06:54]} Rg1 {[%clk 0:02:11]} 64. Ne2
{[%clk 0:07:11]} Rg2 {[%clk 0:02:10]} 65. Nf4 {[%clk 0:07:21]} Rg3 {[%clk
0:01:19]} 66. Ne2 {[%clk 0:07:37]} Rd3 {[%clk 0:01:03]} 67. g7 {[%clk 0:06:54]}
Rd8 {[%clk 0:01:17]} 68. Ke6 {[%clk 0:06:40]} b4 {[%clk 0:01:11]} 69. Kxe7 {[%clk
0:06:03]} Rc8 {[%clk 0:01:02]} 70. Kf7 {[%clk 0:06:05]} b3 {[%clk 0:00:46]} 71.
g8Q {[%clk 0:05:50]} Rxg8 {[%clk 0:01:13]} 72. Kxg8 {[%clk 0:06:11]} b2 {[%clk
0:01:17]} 73. Nc3 {[%clk 0:06:29]} Kb3 {[%clk 0:01:42]} 74. Nb1 {[%clk 0:06:44]}
Kc2 {[%clk 0:02:00]} 75. Na3+ {[%clk 0:07:04]} 1/2-1/2